Novel by Opening Lines II Quiz Stats

 Plays Quiz Updated May 21, 2018

Score 0/16 Timer 08:00
13 Plays Today
Opening Line Novel % Correct
Alice was beginning to get very tired of sitting by her sister on the bank, and of having nothing to doAlice's Adventures in Wonderland
85.9%
When he was nearly thirteen, my brother Jem got his arm badly broken at the elbow.To Kill a Mockingbird
77.6%
Marley was dead, to begin with.A Christmas Carol
64.6%
Far out in the uncharted backwaters of the unfashionable end of the Western Spiral arm of the Galaxy lies a small unregarded yellow sun.The Hitchhiker's Guide to the Galaxy
56.9%
As Gregor Samsa awoke one morning from uneasy dreams he found himself transformed in his bed into a gigantic insect.The Metamorphosis
52.2%
It was love at first sight. The first time Yossarian saw the chaplain he fell madly in love with him.Catch-22
51%
You will rejoice to hear that no disaster has accompanied the commencement of enterprise which you have regarded with such evil forebodings.Frankenstein; or, The Modern Prometheus
42.5%
It is three hundred forty-eight years, six months, and nineteen days ago today that the citizens of Paris were awakened by the pealing of all the bells in the three districts...The Hunchback of Notre Dame
40.8%
Opening Line Novel % Correct
Who is John Galt?Atlas Shrugged
38.4%
We were somewhere around Barstow on the edge of the desert when the drugs began to take hold.Fear and Loathing in Las Vegas
36.4%
I have just returned from a visit to my landlord--the solitary neighbour that I shall be troubled with.Wuthering Heights
33.7%
When he woke in woods in the dark and the cold of the night he'd reach out to touch the child sleeping beside him.The Road
30.7%
Stately, plump Buck Mulligan came from the stairhead, bearing a bowl of lather on which a mirror and a razor lay crossed.Ulysses
30.6%
Mother died today.The Stranger
28.1%
'To be born again,' sang Gibreel Farishta tumbling from the heavens, 'first you have to die.'The Satanic Verses
24.8%
The primroses were over.Watership Down
13.1%

You're not logged in!

Compare scores with friends on all Sporcle quizzes.
OR
Log In

Sporcle TV

Today on Sporcle TV


Watch our educational content, quiz creation guides, and fun videos on Sporcle TV.

Show Comments

Extras

Top Quizzes Today


Score Distribution

Your Account Isn't Verified!

In order to create a playlist on Sporcle, you need to verify the email address you used during registration. Go to your Sporcle Settings to finish the process.

Report this User

Report this user for behavior that violates our Community Guidelines.

Details: